Score 0/28 Timer 06:00
10 Plays Today
Row Candy % Correct
Row 1 AcrossGummi Bears
92.1%
Row 1 AcrossM & M's
91.2%
Row 1 AcrossSkittles
89%
Row 4 AcrossJelly Belly Jellybeans
86.4%
Row 2 AcrossStarbursts
77.5%
Row 1 AcrossJolly Ranchers
75.3%
Row 1 AcrossMike and Ike
72.7%
Row 2 AcrossLemonheads
72.6%
Row 3 AcrossSour Patch Kids
70.2%
Row 4 AcrossPixy Stix
68.6%
Row 2 AcrossSweethearts
68.4%
Row 1 AcrossRed Hots
65.4%
Row 3 AcrossDum Dums
62.9%
Row 4 AcrossCandy Dots
57%
Row Candy % Correct
Row 2 AcrossSweeTarts
54.9%
Row 3 AcrossSwedish Fish
54.2%
Row 2 AcrossNow and Laters
50.5%
Row 3 AcrossNerds
47.2%
Row 4 AcrossLaffy Taffy
46.8%
Row 4 AcrossRunts
45.3%
Row 1 AcrossGood & Plenty
43%
Row 3 AcrossMentos
37.6%
Row 2 AcrossNestle's Smarties
36%
Row 3 AcrossEverlasting Gobstoppers
35.1%
Row 2 AcrossPez
34.3%
Row 3 AcrossSpree
34.1%
Row 4 AcrossJujyfruits
29.1%
Row 4 AcrossLicorice Snaps
19.6%
Remove Ads.
Support Sporcle.
Get the best of Sporcle when you Go Orange. This ad-free experience offers more features, more stats, and more fun while also helping to support Sporcle. Thank you for becoming a member.

You're not logged in!

Compare scores with friends on all Sporcle quizzes.
OR
Log In

Show Comments

Extras

Top Quizzes Today


Score Distribution

Your Account Isn't Verified!

In order to create a playlist on Sporcle, you need to verify the email address you used during registration. Go to your Sporcle Settings to finish the process.

Report this User

Report this user for behavior that violates our Community Guidelines.

Details: